| 000 | 00485nam a2200181 4500 | ||
|---|---|---|---|
| 005 | 20251009111921.0 | ||
| 008 | 250930b |||||||| |||| 00| 0 eng d | ||
| 020 | _a988194867418 | ||
| 041 | _aMarathi | ||
| 082 |
_a891.46 _bGOD |
||
| 100 |
_aGodbole Arvind Sadashiv _9213618 |
||
| 245 | _aMala Umajalele Swatantryaveer Savarkar | ||
| 260 |
_aPUne _bBharatiya Vichar Sadhana Pune Prakashan _c2021 |
||
| 300 | _a168 | ||
| 365 |
_b105.00 _cRs.00 |
||
| 650 | _aGeneral | ||
| 942 | _cBK | ||
| 999 |
_c367893 _d367893 |
||